Rocket propulsion elements : an introduction to the engineering of rockets (Record no. 69236)

000 -LEADER
fixed length control field 00500nam a22001817a 4500
003 - CONTROL NUMBER IDENTIFIER
control field NUST - PNEC
005 - DATE AND TIME OF LATEST TRANSACTION
control field 20170116181114.0
008 - FIXED-LENGTH DATA ELEMENTS--GENERAL INFORMATION
fixed length control field 151004b xxu||||| |||| 00| 0 eng d
020 ## - INTERNATIONAL STANDARD BOOK NUMBER
International Standard Book Number -
040 ## - CATALOGING SOURCE
Transcribing agency LIBRARY
082 ## - DEWEY DECIMAL CLASSIFICATION NUMBER
Classification number 629.134354 SUT
100 ## - MAIN ENTRY--PERSONAL NAME
9 (RLIN) 13076
Personal name Sutton, George Paul
245 ## - TITLE STATEMENT
Title Rocket propulsion elements : an introduction to the engineering of rockets
Statement of responsibility, etc. George Paul Sutton
250 ## - EDITION STATEMENT
Edition statement 2nd ed.
260 ## - PUBLICATION, DISTRIBUTION, ETC.
Date of publication, distribution, etc. c.1956
650 ## - SUBJECT ADDED ENTRY--TOPICAL TERM
9 (RLIN) 13078
Topical term or geographic name entry element Rocket engines
General subdivision ME
942 ## - ADDED ENTRY ELEMENTS (KOHA)
Source of classification or shelving scheme
Koha item type Book
Holdings
Withdrawn status Lost status Source of classification or shelving scheme Damaged status Not for loan Permanent Location Current Location Shelving location Date acquired Total Checkouts Full call number Barcode Date last seen Price effective from Koha item type
          Pakistan Navy Engineering College (PNEC) Pakistan Navy Engineering College (PNEC)       629.134354 SUT PNECLIB-002114 10/04/2015   Book
          Pakistan Navy Engineering College (PNEC) Pakistan Navy Engineering College (PNEC)       629.134354 SUT PNECLIB-002115 10/16/2015   Book
© 2023 Central Library, National University of Sciences and Technology. All Rights Reserved.